| 000 | 00890nam a2200289 a 4500 | ||
|---|---|---|---|
| 001 | 000044281 | ||
| 003 | DO-SdBNP | ||
| 005 | 20180221153926.0 | ||
| 007 | 000044281 | ||
| 008 | 140612s2014 dr a 000 0 spa d | ||
| 020 | _a9789945497083 | ||
| 040 |
_aBPMSU _bspa _cBPMSU |
||
| 082 | 4 |
_axxxxxx _bxxxxxx |
|
| 100 | 1 | _aFerrari, Andrea | |
| 245 | 1 | 3 |
_aLa rebelión de las palabras / _cAndrea Ferrari ; ilustraciones Carlus Rodríguez. |
| 260 |
_aSanto Domingo : _bSantillana, _c2014. |
||
| 300 |
_a99 p. ; _c20 cm. |
||
| 490 | 1 | _aAlfaguara infantil | |
| 700 | 1 |
_aRodríguez, Carlos, _eil. |
|
| 830 | 0 | _aAlfaguara infantil | |
| 930 | 1 |
_lBND01 _mLF1 _820140612 _f01 _pHD _g45179 |
|
| 942 |
_2ddc _cBK |
||
| 945 | _aInventariado, 2018 / BT | ||
| 956 |
_aDGARCIA _b10 _c20140612 _lBND01 _h1101 |
||
| 956 |
_aBTAVAREZ _b10 _c20140612 _lBND01 _h1539 |
||
| 956 |
_aVMATEO _b10 _c20150427 _lBND01 _h00151 |
||
| 999 |
_c7705 _d7705 |
||